[Event "Praia op 2nd"]
[Site "Praia a Mare"]
[Date "2010.04.01"]
[Round "2"]
[White "Limongi, Raffaele"]
[Black "Rametta, Marcello"]
[Result "0-1"]
[WhiteElo "1404"]
[BlackElo "1785"]
[PlyCount "68"]
[EventDate "2010.03.31"]
[EventType "swiss"]
[EventRounds "5"]
[EventCountry "ITA"]
[SourceTitle "EXT 2023"]
[Source "ChessBase"]
[SourceDate "2022.10.05"]
[SourceVersion "1"]
[SourceVersionDate "2022.10.05"]
[SourceQuality "1"]

1. e4 c5 2. d3 e6 3. Be2 Nc6 4. Bd2 d5 5. Bf3 d4 6. Ne2 Ne5 7. Ng1 Bd6 8. Bf4 Nxd3+ 9. cxd3 Bxf4 10. Ne2 Qa5+ 11. Qd2 Bxd2+ 12. Nxd2 Ne7 13. Rd1 Nc6 14. 0-0 Ne5 15. Nb3 Qb5 16. Nbc1 Qxb2 17. Bh5 g6 18. Nf4 gxh5 19. Nxh5 Ke7 20. a4 Rg8 21. g3 b6 22. Rde1 Ba6 23. Nf4 Nf3+ 24. Kg2 Nxe1+ 25. Rxe1 Qd2 26. Rf1 Qxf4 27. Ne2 Qd2 28. Nc1 Bxd3 29. Nxd3 Qxd3 30. Kg1 Qxe4 31. h4 Qxh4 32. Re1 Rg4 33. f3 Qxg3+ 34. Kf1 Qg2# 0-1

[Event "Praia op 2nd"]
[Site "Praia a Mare"]
[Date "2010.04.01"]
[Round "3"]
[White "Maradei, Francesco"]
[Black "Limongi, Raffaele"]
[Result "1/2-1/2"]
[WhiteElo "1440"]
[BlackElo "1404"]
[PlyCount "82"]
[EventDate "2010.03.31"]
[EventType "swiss"]
[EventRounds "5"]
[EventCountry "ITA"]
[SourceTitle "EXT 2023"]
[Source "ChessBase"]
[SourceDate "2022.10.05"]
[SourceVersion "1"]
[SourceVersionDate "2022.10.05"]
[SourceQuality "1"]

1. Nf3 d5 2. d4 e6 3. Nc3 Nc6 4. Bg5 f6 5. Bf4 Bb4 6. e3 b6 7. a3 Bd6 8. Bb5 Bb7 9. Bxc6+ Bxc6 10. a4 Bxf4 11. exf4 Qd7 12. 0-0 0-0-0 13. Nb5 Kb8 14. Qd3 Bb7 15. c4 f5 16. cxd5 Bxd5 17. Ne5 Qe7 18. Nc3 Bb7 19. a5 Rd6 20. Nb5 Rd8 21. a6 Be4 22. Qxe4 fxe4 23. Nc6+ Ka8 24. Nxe7 Nxe7 25. Nxc7+ Kb8 26. Nxe6 Rdg8 27. Rac1 g6 28. Rc7 Nd5 29. Ng5 Nxc7 30. Nf7 Re8 31. Nxh8 Rxh8 32. Re1 Re8 33. f3 exf3 34. Rxe8+ Nxe8 35. gxf3 Nd6 36. d5 Nc4 37. b3 Na5 38. d6 Kc8 39. b4 Nc4 40. Kg2 Nxd6 41. h4 h5 1/2-1/2